Priemysel 4.0: SCADA-HMI

Gespeichert in:
Bibliographische Detailangaben
1. Verfasser: Miklovič, Martin (Verfasst von)
Weitere Verfasser: Mrafko, Leo (Betreuung Doktorarbeit)
Format: Manuskript Buch
Sprache:Slowakisch
Veröffentlicht: Bratislava : STU v Bratislave FEI, 2021
Schlagworte:
Online-Zugang:https://opac.crzp.sk/?fn=detailBiblioForm&sid=38F43C5054BC4F7F2BB5CEF31F28&seo=CRZP-detail-kniha
Tags: Tag hinzufügen
Keine Tags, Fügen Sie das erste Tag hinzu!

MARC

LEADER 00000ntm a22000003a 4500
001 stuzp82351
003 SK-STU
005 20211108141130.4
007 ta
008 150427s2015----xo-----f-mn---000-0-slo-d
040 |a STU  |b slo 
041 0 |a slo 
044 |a xo 
100 1 |a Miklovič, Martin  |u 031000  |4 aut  |U FEI Fakulta elektrotechniky a informatiky  |T FEI Ústav robotiky a kybernetiky  |X 98349  |U E011  |Y 356  |7 98349 
242 0 1 |a Industry 4.0: SCADA-HMI  |y eng 
245 1 0 |a Priemysel 4.0: SCADA-HMI 
260 |a Bratislava :  |b STU v Bratislave FEI,  |c 2021 
300 |a 44 s. 
650 4 |a HMI  |2 slo 
650 4 |a TIA portal  |2 slo 
650 4 |a WinCC Unified  |2 slo 
650 4 |a Priemysel 4.0  |2 slo 
650 4 |a SCADA  |2 slo 
650 4 |a Industry 4.0  |2 eng 
650 4 |a HMI  |2 eng 
650 4 |a TIA portal  |2 eng 
650 4 |a WinCC Unified  |2 eng 
650 4 |a SCADA  |2 eng 
700 1 |a Mrafko, Leo  |u 031000  |k Z8  |4 ths  |U FEI Fakulta elektrotechniky a informatiky  |T FEI Ústav robotiky a kybernetiky  |X 4972  |U E011  |Y 356  |7 A000004972 
856 4 |u https://opac.crzp.sk/?fn=detailBiblioForm&sid=38F43C5054BC4F7F2BB5CEF31F28&seo=CRZP-detail-kniha